[Event "Challenge"]
[Site "http://www.queenalice.com/game.php?id=1414325"]
[Date "2016.3.21"]
[Round "-"]
[White "Kitof"]
[Black "armandocosta"]
[Result "0-1"]
[WhiteElo "1378"]
[BlackElo "2205"]

1. d3 e5 2. e4 Nf6 3. d4 Nxe4 4. Qe2 d5 5. dxe5 Nc6 6. f3 Qh4+ 7. g3 Nxg3 8. Qf2
Qb4+ 9. c3 Nxh1 10. Qg2 Qh4+ 11. Kd1 Nf2+ 12. Ke2 Nd3 13. Kxd3 Qe1 14. Ne2 Bf5+
15. Ke3 Bc5+ 16. Kf4 Qh4+ 17. Qg4 g5+ 18. Kxf5 Ne7+ 0-1

[Event "Challenge"]
[Site "http://www.queenalice.com/game.php?id=1415568"]
[Date "2016.3.29"]
[Round "-"]
[White "Kitof"]
[Black "adriano1953"]
[Result "0-1"]
[WhiteElo "1405"]
[BlackElo "1945"]

1. e3 e5 2. Qf3 Nf6 3. Nc3 Bb4 4. Rb1 d6 5. Bc4 Nc6 6. Nh3 O-O 7. d3 Bg4 8. Qg3
d5 9. Bb5 Qe7 10. e4 d4 11. Bd2 dxc3 12. bxc3 Ba5 13. Bxc6 bxc6 14. Bg5 Bxc3+
15. Kf1 Bxh3 16. gxh3 Rfb8 17. Rxb8+ Rxb8 18. Rg1 Rb1+ 19. Kg2 Rb2 20. Bh6 g6
21. Qh4 Rxc2 22. Rc1 Rxc1 23. Bxc1 Qd6 24. Bg5 Nh5 25. Qg4 Qxd3 26. Qc8+ Kg7 27.
h4 Qxe4+ 28. f3 Qe2+ 0-1

[Event "OS INCLIVEIS"]
[Site "http://www.queenalice.com/game.php?id=1415755"]
[Date "2016.3.30"]
[Round "-"]
[White "adelio"]
[Black "Kitof"]
[Result "1-0"]
[WhiteElo "1789"]
[BlackElo "1378"]

1. d4 e6 2. c4 Qf6 3. a3 c5 4. e3 Na6 5. Be2 h5 6. Bxh5 g6 7. Be2 Bd6 8. Nc3
Bxh2 9. Ne4 Qh4 10. Qc2 Rh5 11. Bxh5 Qxh5 12. Ng3 Qh8 13. d5 exd5 14. cxd5 d6
15. Nf3 Bf5 16. e4 Bg4 17. Rxh2 Qg7 18. Ng5 O-O-O 19. Rh7 Qf6 20. Nxf7 Rf8 21.
Bg5 Qd4 22. Nxd6+ Kb8 23. Rxb7+ Ka8 24. Rxa7+ Kb8 25. Rb7+ Ka8 26. Ra7+ Kb8 27.
Rxa6 Nf6 28. Qb3+ Kc7 29. Qb7+ Kd8 30. Ra8+ 1-0

[Event "OS INCLIVES"]
[Site "http://www.queenalice.com/game.php?id=1415756"]
[Date "2016.3.30"]
[Round "-"]
[White "Kitof"]
[Black "adelio"]
[Result "0-1"]
[WhiteElo "1383"]
[BlackElo "1753"]

1. e3 a6 2. Qf3 c5 3. Bc4 e6 4. d4 Nc6 5. Nh3 Be7 6. d5 Ne5 7. Qe4 Nxc4 8. Qxc4
d6 9. Qg4 g6 10. dxe6 Bxe6 11. Qf3 Bxh3 12. gxh3 b5 13. b3 Ra7 14. O-O Qa8 15.
Qg3 Nf6 16. Bb2 Ne4 17. Qg4 f5 18. Qd1 O-O 19. Nc3 Bh4 20. Nxe4 Qxe4 21. Bc1 Rg7
22. f3 Qc6 23. c4 g5 24. a4 b4 25. a5 g4 26. fxg4 Rf6 27. Ra2 Qe4 28. Rf3 fxg4
29. Rxf6 gxh3+ 30. Kf1 Qh1+ 31. Ke2 Rg2+ 32. Kd3 Qxd1+ 0-1

[Event "OS INCLIVEIS"]
[Site "http://www.queenalice.com/game.php?id=1416017"]
[Date "2016.3.31"]
[Round "-"]
[White "adelio"]
[Black "Kitof"]
[Result "1-0"]
[WhiteElo "1755"]
[BlackElo "1380"]

1. f4 e6 2. e4 Qf6 3. d4 Nc6 4. Be3 d5 5. e5 Qe7 6. Be2 Qb4+ 7. Nd2 Qxb2 8. Ngf3
Qb4 9. a3 Qa5 10. O-O Bxa3 11. Ng5 Qc3 12. Rf3 h6 13. Nxf7 Kxf7 14. Bf2 Qb4 15.
c3 Qb2 16. f5 Be7 17. fxe6+ Kxe6 18. Rg3 Bg5 19. Bg4+ Ke7 20. Nf3 Qxc3 21. Nxg5
Qb4 22. Nf3 h5 23. Bxc8 Rh7 24. Bf5 h4 25. Rh3 Rh5 26. Nxh4 Rg5 27. Ng6+ Ke8 28.
Rh5 1-0

[Event "OS INCLIVES"]
[Site "http://www.queenalice.com/game.php?id=1417648"]
[Date "2016.4.10"]
[Round "-"]
[White "adelio"]
[Black "Kitof"]
[Result "1-0"]
[WhiteElo "1613"]
[BlackElo "1405"]

1. d4 e6 2. c4 Qe7 3. a3 e5 4. d5 Nf6 5. Nc3 Na6 6. e4 Nc5 7. Bg5 b6 8. Be2
Ncxe4 9. Nxe4 h6 10. Nxf6+ gxf6 11. Bh4 Rg8 12. g4 Qe6 13. dxe6 fxe6 14. Bxf6 a5
15. Bxe5 d6 16. Bf6 Rg6 17. g5 hxg5 18. Bh5 Kf7 19. Qf3 Ra7 20. Bxg5+ Kg7 21.
Bxg6 Kxg6 22. Qf6+ Kh5 23. Nf3 e5 24. Qxf8 c5 25. h3 1-0

[Event "Challenge"]
[Site "http://www.queenalice.com/game.php?id=1418815"]
[Date "2016.4.17"]
[Round "-"]
[White "Kitof"]
[Black "jbugg"]
[Result "0-1"]
[WhiteElo "1500"]
[BlackElo "1450"]

1. e3 e5 2. Qf3 Nf6 3. d4 Qe7 4. Ne2 d5 5. b3 Bg4 6. Ba3 Qe6 7. Qg3 Bd6 8. Bxd6
cxd6 9. f3 Nh5 10. Qh4 Nf6 11. fxg4 Nxg4 12. Qg3 e4 13. Nf4 Qf5 14. Nc3 Nc6 15.
Nfxd5 Rc8 16. Qxd6 Qf2+ 17. Kd1 Nxe3+ 18. Nxe3 Qxe3 19. g3 Qxc3 20. Rb1 Nxd4 21.
Qe5+ Kf8 22. Bd3 exd3 23. Rc1 Re8 24. Qd6+ Re7 25. Re1 Ne2 26. Qxd3 Qxd3+ 27.
cxd3 Nxc1 28. Rxe7 Kxe7 29. Kxc1 Rc8+ 30. Kb2 f5 0-1

[Event "Challenge"]
[Site "http://www.queenalice.com/game.php?id=1420308"]
[Date "2016.4.28"]
[Round "-"]
[White "Kitof"]
[Black "reccar"]
[Result "0-1"]
[WhiteElo "1464"]
[BlackElo "1451"]

1. e4 e5 2. d4 d6 3. d5 Nf6 4. Nc3 Nbd7 5. g3 Nc5 6. Bb5+ Bd7 7. b4 Ncxe4 8. Bd2
Nxc3 9. Bxd7+ Qxd7 10. Bxc3 c6 11. dxc6 Qxc6 0-1

[Event "Challenge"]
[Site "http://www.queenalice.com/game.php?id=1420963"]
[Date "2016.5.2"]
[Round "-"]
[White "Kitof"]
[Black "iliov2008"]
[Result "0-1"]
[WhiteElo "1549"]
[BlackElo "1435"]

1. e4 e5 2. c3 Nf6 3. d3 d6 4. Na3 d5 5. Nf3 Bg4 6. h3 Bxf3 7. gxf3 dxe4 8. fxe4
Bxa3 9. bxa3 Nc6 10. Rg1 g6 11. Rb1 b6 0-1

[Event "Challenge"]
[Site "http://www.queenalice.com/game.php?id=1423866"]
[Date "2016.5.20"]
[Round "-"]
[White "Kitof"]
[Black "jbugg"]
[Result "1-0"]
[WhiteElo "1482"]
[BlackElo "1417"]

1. e4 e5 2. Nc3 Bc5 3. Nf3 d6 4. Bc4 h6 5. a3 Nf6 6. b4 Bb6 7. d3 Ng4 8. O-O Nf6
9. a4 c5 10. Rb1 Qc7 11. Nb5 Qc6 12. Bd5 Nxd5 13. exd5 Qxd5 14. a5 Bd8 15. Nh4
Bxh4 16. Nc7+ Kd7 17. Nxd5 Nc6 18. Qg4+ Kd8 19. Qxh4+ f6 20. Nxf6 cxb4 21. Nd5+
Ke8 22. Rxb4 Nxb4 23. Qe7# 1-0

[Event "Let's Play Chess!"]
[Site "http://www.queenalice.com/game.php?id=1571768"]
[Date "2019.5.26"]
[Round "-"]
[White "magalhaes_br"]
[Black "Kitof"]
[Result "1-0"]
[WhiteElo "1438"]
[BlackElo "1376"]

1. e4 e5 2. Nf3 c5 3. Bc4 f6 4. Nc3 a6 5. O-O g6 6. d3 b5 7. Bd5 Nc6 8. a4 b4 9.
Ne2 f5 10. Ng3 Bd6 11. Bg5 Nf6 12. exf5 Rb8 13. b3 1-0

[Event "Challenge"]
[Site "http://www.queenalice.com/game.php?id=1572456"]
[Date "2019.5.26"]
[Round "-"]
[White "Kitof"]
[Black "DougChess1"]
[Result "0-1"]
[WhiteElo "1359"]
[BlackElo "1224"]

1. e4 c5 2. Qf3 Nf6 3. Bc4 d5 4. Bb5+ Bd7 5. Nc3 e5 6. exd5 Bxb5 7. Nxb5 e4 8.
Qf4 Na6 9. a4 Nxd5 10. Qxe4+ Be7 11. d3 O-O 12. Qg4 Nf6 0-1

[Event "Challenge"]
[Site "http://www.queenalice.com/game.php?id=1572870"]
[Date "2019.5.30"]
[Round "-"]
[White "Kitof"]
[Black "jbugg"]
[Result "1-0"]
[WhiteElo "1336"]
[BlackElo "1330"]

1. e4 e5 2. Nc3 Nf6 3. Nf3 Bc5 4. Nxe5 Qe7 5. f4 d6 6. Nc4 Nxe4 7. d4 d5 8. Nxd5
Bxd4 9. Qxd4 c6 10. Nxe7 Bg4 11. Qxg7 Rf8 12. Qxg4 Kxe7 13. Qh4+ Nf6 14. b3 b5
15. Bb2 bxc4 16. Bxc4 Re8 17. Qxf6+ Kf8+ 18. Kf1 Re7 19. Qg7+ Ke8 20. Rd1 Rd7
21. Re1+ Re7 22. Qxf7+ Kd7 23. Rxe7+ Kd6 24. Bd4 c5 25. Be5+ Kc6 26. Qf6# 1-0

[Event "Challenge"]
[Site "http://www.queenalice.com/game.php?id=1572983"]
[Date "2019.5.31"]
[Round "-"]
[White "Kitof"]
[Black "magalhaes_br"]
[Result "0-1"]
[WhiteElo "1396"]
[BlackElo "1408"]

1. e4 e5 2. Nf3 d6 3. c4 Nf6 4. Bd3 Nbd7 5. O-O Be7 6. Nh4 Nc5 7. Bc2 Ncxe4 8.
Bxe4 Nxe4 9. Re1 Nc5 10. Nf3 Bf6 0-1